| 000 | 01045cab a22002175a 4500 | ||
|---|---|---|---|
| 001 | L147574 | ||
| 008 | 090526s2009 xxk f 000 0 eng d | ||
| 035 | _a(Sirsi) u147574 | ||
| 041 | 0 | _aeng | |
| 100 | 1 | _aNorris, Daniel | |
| 245 | 0 | 0 |
_aPack up your troubles in a pre-pack bag _blandlords, tenants and pre-packaged administrations |
| 260 | _c2009 | ||
| 490 | 0 |
_aLovells Real Estate Quarterly _vSpring 2009, 4-6(3) |
|
| 520 | _aExamines the current growth in pre-packs, the pre-packaging of a business for sale before it enters the insolvency process and then using that process to rescue the business and shed unwanted assets. Looks at the rescue culture and administration, the buyer, the mechanics of pre-pack administration and the Insolvency Service's SIP 16 questionnaire. Comments in conclusion on the strengths and weaknesses of the pre-pack. | ||
| 590 | _aKA | ||
| 650 | 2 | 4 | _aLANDLORD AND TENANT ACT 1954 |
| 651 | 4 |
_aEngland and Wales _y1543- |
|
| 690 | _aMANAGEMENT-CORPORATE RECOVERY | ||
| 700 | 1 | _aReid, Tim | |
| 942 | _n0 | ||
| 999 |
_c81571 _d81571 |
||